LDR 01373naa#a2200229#i#450# 001 RU\\bibl\112569 005 20260604083203.4 011 ## _a2221-3260 100 ## _a20260331b2026####ek#y0rusy0150####ca 102 ## _aRU 200 1# _aК вопросу о факторах, определяющих динамику промышленного производства в РФ в условиях структурной трансформации _eЖурнальная статья 210 1# _aЯрославль _cЯрославский государственный технический университет _d2026 215 ## _a14 с. 608 ## _aЖурнальная статья _2local 686 ## _aОбщая экономическая теория. 6501 _2bbk 686 ## _aЭкономика промышленности. 6530 _2bbk 686 ## _aОбщая экономическая теория. 7711 _2tbk 686 ## _aЭкономические теории. 06.03 _2grnti 686 ## _aЭкономическое развитие и рост. Прогнозир-ние и планирование экономики. Экономич. циклы и кризисы. 06.52 _2grnti 686 ## _aОтраслевая структура экономики. 06.71 _2grnti 700 #1 _aМонастырёв _gМаксим Дмитриевич 856 4# _atheoreticaleconomy.ru _u